|
|
|
|
| LEADER |
00644pam a22001938a 4500 |
| 001 |
00016677 |
| 005 |
20171026081022.0 |
| 008 |
110413s1986 ||||||Viesd |
| 041 |
0 |
# |
|a Vie
|
| 082 |
1 |
4 |
|a 495.922
|b NGH305C
|
| 110 |
1 |
# |
|a Viện nghiêm cứu Hán Nôm
|
| 245 |
0 |
0 |
|a Nghiêm cứu Hán Nôm
|
| 260 |
# |
# |
|b Khoa học xã hội
|c 1986
|a Tp. Hồ Chí Minh
|
| 300 |
# |
# |
|a 117 tr.
|c 21 cm.
|
| 653 |
# |
# |
|a Tác giả
|a Tác phẩm
|a Chữ Hán-Nôm
|
| 852 |
# |
# |
|b Kho đọc
|j KD.0001773
|
| 852 |
# |
# |
|j KD.0001773
|
| 910 |
|
|
|d 13/04/2011
|
| 980 |
# |
# |
|a Trung tâm Học liệu Lê Vũ Hùng, Trường Đại học Đồng Tháp
|